000 00889nam a2200253Ia 4500
003 OSt
005 20221005113059.0
006 a|||||r|||| 00| 0
007 ta
008 221004b |||||||| |||| 00| 0 pan d
020 _a81876541384 (hbk)
024 _a18005
037 _bGift, 27/05/2015,
_cTextual
040 _aCRL
_cCRL
_bpan
041 _2pan
_apan
082 _aO153:g, P9
100 _aਮਹਿਰੋਕ, ਪ੍ਰਿਤਪਾਲ ਸਿੰਘ
245 0 _aਪੰਜਾਬੀ ਸਾਹਿਤ
_b ਸਮੀਖਿਆ ਚੇਤਨਾ
260 _aਦਿੱਲੀ
_bਮਨਪ੍ਰੀਤ ਪ੍ਰਕਾFਨ ਭਾਰਤ
_c2009
300 _a161ਪੰ
_ccm.
650 _aਪੰਜਾਬੀ ਸਾਹਿਤ
942 _hO153:g, P9
_cTEXL
_2cc
999 _c1026973
_d1026973